Magnetic resonance imaging and spectroscopy in medicine : (Record no. 4925)

MARC details
000 -LEADER
fixed length control field 00609 a2200181 4500
010 ## - LCCN (DPL NO)
LC control number ENG-86667
020 ## - INTERNATIONAL STANDARD BOOK NUMBER
Terms of availability 340.00
International Standard Book Number 8125030808
035 ## - SYSTEM CONTROL NUMBER
System control number EN-70200
037 ## - SOURCE OF ACQUISITION
Source of stock number/acquisition DBAD / PUB
082 14 - DEWEY DECIMAL CLASSIFICATION NUMBER
Classification number 616.07548
100 1# - MAIN ENTRY--PERSONAL NAME
Personal name Ranganathan, P
245 1# - TITLE STATEMENT
Title Magnetic resonance imaging and spectroscopy in medicine :
Statement of responsibility, etc by P. Raghunathan
Remainder of title concepts and techniques /
260 ## - PUBLICATION, DISTRIBUTION, ETC. (IMPRINT)
Place of publication, distribution, etc Chennai
Name of publisher, distributor, etc Orient Longman
Date of publication, distribution, etc 2007
270 ## - ADDRESS
Address 160 Anna Salai
City Chennai
Postal code 600 002
Electronic mail address chegeneral@orientlongman.com
300 ## - PHYSICAL DESCRIPTION
Extent xvi,244 p
Dimensions 24 cm (Pbk)
Other physical details ill
500 ## - GENERAL NOTE
General note Includes index
942 ## - ADDED ENTRY ELEMENTS (KOHA)
Institution code [OBSOLETE] dpl
Item type English Books
Source of classification or shelving scheme Dewey Decimal Classification
Classification part 616.07548
Call number suffix RAG
Holdings
Withdrawn status Lost status Not for loan Collection code Home library Current library Source of acquisition Cost, normal purchase price Full call number Barcode Copy number Cost, replacement price Koha item type
    Not For Loan Non-fiction D.B.Act.Division D.B.Act.Division DBAD/PUB 340.00 616.07548 RAG EN-70200 1 340.00 English Books

© Delhi Public Library
Hit Counter
free hit counter